000
00338pam a2200157a 44500
008
230515b1993 xxu||||| |||| 00| 0 eng d
020
_a
NULL
041
_a
ENGLISH
082
_a
630
100
_a
JFEE
245
_a
GAMT
250
_a
2
260
_a
DELHI
_b
GALGOTIA PUBLICATIONS PVT. LTD.
_c
1993
300
_a
544
650
_a
NULL
999
_c
651432
_d
651432